|
|
|
|
| LEADER |
00626nab a2200169 i 4500 |
| 001 |
misc9473 |
| 005 |
20191106143458.0 |
| 008 |
170607s1915 hu o 0|| hun d |
| 022 |
|
|
|a 0025-0260
|
| 040 |
|
|
|a SZTE Miscellanea Repozitórium
|b hun
|
| 041 |
|
|
|a hun
|
| 245 |
0 |
0 |
|a Protestáns Szemle
|h [elektronikus dokumentum] :
|b 1915, 6. f. : cikkismertetés]
|
| 260 |
|
|
|c 1915
|
| 300 |
|
|
|a 526
|
| 490 |
0 |
|
|a Magyar pedagógia : a Magyar Tudományos Akadémia Pedagógiai Bizottságának folyóirata
|v 24
|
| 695 |
|
|
|a Világháború 1. 1914-1918, Lapszemle
|
| 856 |
4 |
0 |
|u http://misc.bibl.u-szeged.hu/9473/1/mp_1915_2239_526.pdf
|z Dokumentum-elérés
|